000 00612nam a22002417a 4500
003 UA-OsUOA
001 38428
007 ta
008 20060510b un ||||| |||| 00| 0 ukr d
100 _aМикиртумов Б. Е.
090 _a159.9:81'373
_bМ59
942 _cBK
040 _aUA-OsUOA
_brus
_cUA-OsUOA
_dUA-OsUOA
245 _aЛексика психопатологии
300 _a200 с.
955 _a2
041 _arus
080 _a159.9:81'373
020 _a5-9268-0296-2
260 _aСПб
_bРечь
_c2004
650 7 _a159.9 Психологія
_2UDC
999 _c324581
_d324581